Quel est ce pays ? - Statistiques

Statistiques générales
  • Ce quiz a été pris 460 fois
  • Le résultat moyen est 16 sur 20
Statistiques - réponses
Par images Réponse % Correct
Autriche
97%
Espagne
97%
Monaco
97%
Allemagne
95%
Biélorussie
95%
Brésil
95%
Corée-du-Nord
95%
Grèce
95%
Luxembourg
95%
Canada
94%
Irak
94%
Italie
94%
Irlande
93%
Sénégal
93%
Tunisie
93%
Bosnie-Herzégovine
92%
Estonie
92%
Guatemala
92%
Roumanie
92%
Turquie
92%
Malaisie
91%
Albanie
90%
Liechtenstein
90%
Madagascar
90%
Oman
90%
Serbie
90%
Belgique
89%
Colombie
89%
Danemark
89%
Portugal
89%
Qatar
89%
Togo
89%
Arabie Saoudite
88%
Chypre
88%
Lettonie
88%
Yemen
88%
Afrique-du-Sud
87%
Chili
87%
Guinée Bissau
87%
Mexique
87%
Pérou
87%
Finlande
86%
Lituanie
86%
Mongolie
86%
Norvège
86%
Sri Lanka
86%
Afghanistan
85%
Népal
85%
Nigeria
85%
RD Congo
85%
Arménie
84%
Chine
84%
Kazakhstan
84%
Croatie
83%
Cuba
83%
Guinée
83%
Nicaragua
83%
Panama
83%
Slovaquie
83%
Bulgarie
82%
Iran
82%
Mali
82%
Trinité-et-Tobago
82%
Bolivie
81%
Egypte
81%
Koweit
81%
Libye
81%
Zimbabwe
81%
Angola
80%
Congo
80%
Philippines
80%
Slovénie
80%
Uruguay
80%
Botswana
79%
Ethiopie
79%
Hongrie
79%
Laos
79%
Pakistan
79%
Belize
78%
Namibie
78%
Syrie
78%
Djibouti
77%
Equateur
77%
Gabon
77%
Niger
77%
Ouzbékistan
77%
République dominicaine
77%
Cameroun
76%
Côte d'ivoire
76%
Géorgie
76%
Lesotho
76%
Brunei
75%
Monténégro
75%
Erythrée
74%
Antigua-et-Barbuda
73%
Guinée équatoriale
73%
Papouasie-Nouvelle-Guinée
73%
Soudan
73%
Centrafrique
72%
Ghana
72%
Rwanda
71%
Tanzanie
71%
Bénin
68%
Comores
67%
Honduras
67%
Zambie
65%
Mozambique
63%
Tchad
63%
Turkménistan
63%
Sainte-Lucie
61%
Gambie
60%
Eswatini
57%
Kirghizistan
55%
Burundi
54%
Fidji
53%
Barbade
52%
Liberia
48%
Sierra Leone
47%
Aucun quiz correspondant
Distribution des résultats
% des personnes avec chaque résultat
Percentile par nombre de réponses
Votre historique - résultats
Vous n’avez pas pris ce quiz